Música para el niño disminuido

Gorde:
Xehetasun bibliografikoak
Egile nagusia: Alvin, Juliette (Egilea)
Formatua: Liburua
Hizkuntza:gaztelania
Argitaratua: Buenos Aires Ricordi Americana 1965
Edizioa:2a. ed
Gaiak:
Etiketak: Etiketa erantsi
Etiketarik gabe, Izan zaitez lehena erregistro honi etiketa jartzen!

MARC

LEADER 00000cam a2200000 a 4500
001 UCN1138
003 CL-VaPUC
008 010420e19650000AG |||||||||||||||||spa|d
082 0 4 |a 371.904487  |b ALV  |2 21 
100 0 |a Alvin, Juliette  |e author  |9 456559 
245 1 0 |a Música para el niño disminuido 
250 |a 2a. ed 
300 |a 192 p 
942 |c BK 
945 |d 20010420 00:00:00  |a crobeson 
260 |a Buenos Aires  |b Ricordi Americana  |c 1965 
650 0 |a Enseñanza de la música  |9 339802 
650 0 |a Educación de niños  |9 307451 
650 0 |a Educación especial  |9 307486 
583 |a last modification  |c 20170911 01:11:08  |k Rodrigo Vera 
999 |c 294715  |d 294713 
952 |0 0  |1 0  |4 0  |6 371_904487000000000_ALV_1965  |7 0  |8 A  |9 347413  |a BIBEDU  |b BIBEDU  |c BIBEDU_PB  |d 2019-11-20  |i 1248456  |l 1  |m 1  |o 371.904487 ALV 1965  |p 1248456  |r 2023-01-12  |s 2022-09-05  |w 2019-11-20  |y BK  |k MUS 
952 |0 0  |1 0  |4 0  |6 371_904487000000000_ALV_1965  |7 0  |8 P  |9 347414  |a BIBEDU  |b BIBEDU  |c BIBEDU_PB  |d 2019-11-20  |i 4877330  |o 371.904487 ALV 1965  |p 4877330  |r 2024-01-25  |w 2019-11-20  |y BK  |k EDI